000
00285nam a2200121Ia 4500
008
191201s2011 xx 000 0 und d
100
_a
CHHABRA, T N
245
0
_a
Entrepreneurship Development
260
_a
N. Delhi
_b
Sun India
_c
2011
300
_a
misc
650
_a
MBA
942
_2
ddc
_c
BK
999
_c
153
_d
153